Najpopularniejsze słówka w hiszpańskim #1 - Statystyki

Ogólne statystyki
  • Ten quiz został rozwiązany 21 razy
    19 od ostatniego zresetowania
  • Średni wynik to 14 z 25
Statystyki odpowiedzi
Hint Odpowiedź % Poprawnych
Hola Cześć
100%
Gracias Dziękuje
100%
Nie No
90%
Po proszę Por favor
90%
Dobrze Bien
80%
La noche Noc
80%
Tak Si
80%
Grande Duży
70%
Manana Jutro
70%
Pequeno Mały
70%
Dzisiaj Hoy
60%
Więcej Mas
60%
Do widzenia Adios
50%
Tydzien La semana
50%
Przykro mi Lo siento
50%
Ayer Wczoraj
50%
Godzina La hora
40%
Menos Mniej
40%
Frio Zimny
40%
Mal Źle
40%
Minuta El minuto
30%
Caliente Gorący
30%
De nada Nie ma za co
30%
Przepraszam Perdon
30%
Poranek La manana
10%
Nie znaleziono quizów pasujących do podanych kryteriów
Rozkład punktacji
Procent ludzi z każdym wynikiem
Percentyl według liczby udzielonych odpowiedzi
Twoja historia wyników
Nie rozwiązałeś tego quizu od ostatniego zresetowania